ARRUPE JESUIT UNIVERSITY

CORONAVIRUS -STOP THE SPREAD - CLEAN,DISINFECT,COVER

Ceremony: (Record no. 4940)

MARC details
000 -LEADER
fixed length control field 00544nam a2200229Ia 4500
003 - CONTROL NUMBER IDENTIFIER
control field 0100
008 - FIXED-LENGTH DATA ELEMENTS--GENERAL INFORMATION
fixed length control field 130227s9999 xx 000 0 und d
040 ## - CATALOGING SOURCE
Transcribing agency ARRUPELIB
050 ## - LIBRARY OF CONGRESS CALL NUMBER
Classification number GN657.R4C47
100 ## - MAIN ENTRY--PERSONAL NAME
Personal name Guhrs, Tamara
9 (RLIN) 38100
245 ## - TITLE STATEMENT
Title Ceremony:
Remainder of title celebrating Zambia's cultural heritage /
260 ## - PUBLICATION, DISTRIBUTION, ETC. (IMPRINT)
Place of publication, distribution, etc Lusaka
Name of publisher, distributor, etc Celtel Zambia PLC
300 ## - PHYSICAL DESCRIPTION
Extent 225p.
300 ## - PHYSICAL DESCRIPTION
Other physical details 23 cm
650 ## - SUBJECT ADDED ENTRY--TOPICAL TERM
Topical term or geographic name as entry element Ethnology
Geographic subdivision Zambia
9 (RLIN) 19464
650 ## - SUBJECT ADDED ENTRY--TOPICAL TERM
Topical term or geographic name as entry element Rites & ceremonies
Geographic subdivision Zambia
9 (RLIN) 38101
650 ## - SUBJECT ADDED ENTRY--TOPICAL TERM
Topical term or geographic name as entry element Rites & ceremonies
General subdivision Pictorial works
Geographic subdivision Zambia
9 (RLIN) 38102
650 ## - SUBJECT ADDED ENTRY--TOPICAL TERM
Topical term or geographic name as entry element Ethnography
General subdivision Pictorial works
Geographic subdivision Zambia
9 (RLIN) 38103
700 ## - ADDED ENTRY--PERSONAL NAME
Personal name Kapwepwe, Mulenga (ed.)
9 (RLIN) 38104
942 ## - ADDED ENTRY ELEMENTS (KOHA)
Source of classification or shelving scheme Library of Congress Classification
Item type Monograph ( Printed materials)
Holdings
Withdrawn status Lost status Source of classification or shelving scheme Damaged status Not for loan Collection code Home library Current library Shelving location Date acquired Total Checkouts Full call number Barcode Date last seen Copy number Price effective from Koha item type
    Library of Congress Classification     Main Collection ARRUPE LIBRARY ARRUPE LIBRARY   27/02/2013   GN657.R4C47 46406514 09/04/2018 1 27/02/2013 Monograph ( Printed materials)

 

Arrupe Library. PO Box MP320 Mt Pleasant, Harare, Zimbabwe
263 242 745411|librarian@aju.ac.zw